000
00256nam a22000977a 4500
008
230706b |||||||| |||| 00| 0 eng d
020
_a
9781612620268
100
_a
Isayama Hajime
_9
7688
245
_a
Attack of the Undead-3
260
_a
Tokyo
_b
kodansha Ltd
_c
2010
999
_c
12335
_d
12335